10+10 - Modern and Contemporary Brazilian Houses : photography exhibition : Leonardo Finotti

Salvato in:
Dettagli Bibliografici
Natura: Libro
Lingua:slovacco
Pubblicazione: Bratislava : Design factory, 2013
Edizione:1. vydanie
Soggetti:
Tags: Aggiungi Tag
Nessun Tag, puoi essere il primo ad aggiungerne!!

MARC

LEADER 00000nam a22000003a 4500
001 stu292158
005 20250526092933.1
008 140623s2013------------------------slo-d
040 |a STU  |b slo 
041 0 |a slo 
245 |a 10+10 - Modern and Contemporary Brazilian Houses :  |b photography exhibition : Leonardo Finotti 
250 |a 1. vydanie 
260 |a Bratislava :  |b Design factory,  |c 2013 
300 |a [8] s 
650 7 |a architektúra v Brazílii  |2 stusub 
650 7 |a moderna v architektúre  |2 stusub 
650 7 |a architektúra 1930-1969  |2 stusub 
650 7 |a architektúra súčasná  |2 stusub 
650 7 |a architektúra-dejiny  |2 stusub 
650 7 |a Finotti, Leonardo  |2 stusub 
650 7 |a výstava  |2 stusub 
996 |b 284AU06149  |c A*9025 U  |l AAKNAR  |s A  |a 24  |w stu292158_0001 
996 |b 284AU07686  |c A* 10935/U  |l AAKNAR  |s A  |a 24  |w stu292158_0002